[Event "Mittelfranken Landesliga Nord 2122"]
[Site "Mittelfranken"]
[Date "2022.04.03"]
[Round "7.5"]
[White "Nehls, Benedikt"]
[Black "Fischer, Emil"]
[Result "1/2-1/2"]
[WhiteElo "2021"]
[BlackElo "1980"]
[PlyCount "25"]
[EventDate "2021.10.24"]
[EventType "team-tourn"]
[EventRounds "9"]
[EventCountry "GER"]
[SourceTitle "EXT 2024"]
[Source "ChessBase"]
[SourceDate "2023.10.10"]
[SourceVersion "1"]
[SourceVersionDate "2023.10.10"]
[SourceQuality "1"]
[WhiteTeam "Erlangen II"]
[BlackTeam "Schweinfurt"]
[WhiteTeamCountry "GER"]
[BlackTeamCountry "GER"]

1. d4 f5 2. Bg5 g6 3. e3 Bg7 4. Nc3 d6 5. Qd2 Nd7 6. 0-0-0 Ngf6 7. f3 c6 8. Bd3 Qa5 9. Kb1 0-0 10. Nge2 b5 11. Nc1 e5 12. Ne4 Qxd2 13. Nxd2 1/2-1/2

[Event "Mittelfranken Landesliga Nord 2122"]
[Site "Mittelfranken"]
[Date "2021.11.14"]
[Round "2.5"]
[White "Mueller, Johannes2222"]
[Black "Fischer, Emil"]
[Result "1-0"]
[WhiteElo "1987"]
[BlackElo "1980"]
[PlyCount "73"]
[EventDate "2021.10.24"]
[EventType "team-tourn"]
[EventRounds "9"]
[EventCountry "GER"]
[SourceTitle "EXT 2024"]
[Source "ChessBase"]
[SourceDate "2023.10.10"]
[SourceVersion "1"]
[SourceVersionDate "2023.10.10"]
[SourceQuality "1"]
[WhiteTeam "Kelheim"]
[BlackTeam "Schweinfurt"]
[WhiteTeamCountry "GER"]
[BlackTeamCountry "GER"]

1. d4 f5 2. Bg5 Nf6 3. Bxf6 exf6 4. e3 d5 5. c4 Nc6 6. Nc3 Be6 7. Nge2 dxc4 8. d5 Ne5 9. Nf4 Bf7 10. Bxc4 Nxc4 11. Qa4+ Qd7 12. Qxc4 a6 13. 0-0 Bd6 14. Ne6 Bg6 15. Rac1 Kf7 16. f4 b5 17. Qb3 c5 18. e4 c4 19. Qd1 Rhe8 20. e5 Bb4 21. Ng5+ Kg8 22. Nf3 Bc5+ 23. Kh1 b4 24. Na4 Ba7 25. d6 Bh5 26. Qd5+ Bf7 27. Qa5 Qc6 28. Qxb4 Bd5 29. Nc3 Be4 30. Qa4 Bxf3 31. gxf3 Qxa4 32. Nxa4 Kf7 33. Nc3 fxe5 34. fxe5 Ke6 35. f4 Rab8 36. Rcd1 Red8 37. Nd5 1-0

[Event "Oberliga Bayern 1617"]
[Site "Bayern"]
[Date "2017.02.19"]
[Round "6.7"]
[White "Gruber, Roland"]
[Black "Fischer, Emil"]
[Result "0-1"]
[WhiteElo "2194"]
[BlackElo "2007"]
[PlyCount "48"]
[EventDate "2016.10.16"]
[EventType "team-tourn"]
[EventRounds "9"]
[EventCountry "GER"]
[SourceTitle "EXT 2019"]
[Source "ChessBase"]
[SourceDate "2018.10.10"]
[SourceVersion "1"]
[SourceVersionDate "2018.10.10"]
[SourceQuality "1"]
[WhiteTeam "Regensburg Post/Sued"]
[BlackTeam "Schweinfurt"]
[WhiteTeamCountry "GER"]
[BlackTeamCountry "GER"]

1. Nf3 f5 2. e4 fxe4 3. Ng5 Nf6 4. d3 e3 5. Bxe3 Nc6 6. d4 d5 7. Bd3 e5 8. Bxh7 Bg4 9. Bg6+ Kd7 10. f3 Be6 11. Bf7 Bb4+ 12. c3 Bxf7 13. Nxf7 Qe8 14. Nxh8 exd4 15. cxb4 Qxe3+ 16. Kf1 Rxh8 17. Qd2 Ng4 18. b5 Nb4 19. a3 Nc2 20. Qxc2 Nxh2+ 21. Rxh2 Rxh2 22. Qf5+ Ke7 23. Qh3 Rxh3 24. gxh3 Qc1+ 0-1

[Event "Oberliga Bayern 1617"]
[Site "Bayern"]
[Date "2017.01.15"]
[Round "4.8"]
[White "Fischer, Emil"]
[Black "Kwan, Michael"]
[Result "1/2-1/2"]
[WhiteElo "2007"]
[BlackElo "2113"]
[PlyCount "64"]
[EventDate "2016.10.16"]
[EventType "team-tourn"]
[EventRounds "9"]
[EventCountry "GER"]
[SourceTitle "EXT 2019"]
[Source "ChessBase"]
[SourceDate "2018.10.10"]
[SourceVersion "1"]
[SourceVersionDate "2018.10.10"]
[SourceQuality "1"]
[WhiteTeam "Schweinfurt"]
[BlackTeam "Muenchen 36"]
[WhiteTeamCountry "GER"]
[BlackTeamCountry "GER"]

1. e4 Nc6 2. Nf3 d6 3. d4 Nf6 4. Nc3 g6 5. d5 Nb8 6. Be2 Bg7 7. 0-0 0-0 8. Re1 e5 9. dxe6 Bxe6 10. Bg5 h6 11. Bf4 Nc6 12. Qd2 Kh7 13. Rad1 Re8 14. h3 a6 15. Bf1 Nd7 16. Qc1 Nde5 17. Nxe5 Nxe5 18. Nd5 Bxd5 19. Rxd5 Qf6 20. c3 Re7 21. Bh2 Rae8 22. Qc2 g5 23. f3 Kg8 24. c4 Ng6 25. Rd2 Nf4 26. Red1 Re5 27. Kh1 Kf8 28. b4 b6 29. Bg1 Ne6 30. Bh2 Nf4 31. Bg1 Ne6 32. Bh2 Nf4 1/2-1/2

[Event "Landesliga Nord 1516"]
[Site "Bayern"]
[Date "2016.01.31"]
[Round "6.7"]
[White "Fischer, Emil"]
[Black "Fischer, Oliver1111"]
[Result "1-0"]
[WhiteElo "2015"]
[BlackElo "2044"]
[PlyCount "81"]
[EventDate "2015.10.11"]
[EventType "team-tourn"]
[EventRounds "9"]
[EventCountry "GER"]
[SourceTitle "EXT 2018"]
[Source "ChessBase"]
[SourceDate "2017.10.13"]
[SourceVersion "1"]
[SourceVersionDate "2017.10.13"]
[SourceQuality "1"]
[WhiteTeam "Schweinfurt"]
[BlackTeam "Nuernberg Sued SW"]
[WhiteTeamCountry "GER"]
[BlackTeamCountry "GER"]

1. e4 e6 2. d3 d5 3. Nd2 c5 4. g3 Nc6 5. Bg2 g6 6. Nh3 Bg7 7. 0-0 Nge7 8. f4 0-0 9. Kh1 Rb8 10. Ng5 h6 11. Nh3 e5 12. fxe5 Nxe5 13. Nf4 dxe4 14. Nxe4 Bg4 15. Qe1 g5 16. Ne2 b6 17. h3 Be6 18. Be3 Nd5 19. Bg1 f5 20. N4c3 Nb4 21. Qd2 Rc8 22. Rae1 Qd7 23. Qc1 Nd5 24. d4 cxd4 25. Nxd4 Nxc3 26. Nxe6 Qxe6 27. bxc3 Rxc3 28. Qd2 Qc8 29. Rxe5 Bxe5 30. Qd5+ Kh7 31. Qxe5 Qc7 32. Rxf5 Qxe5 33. Rxe5 Ra3 34. Be4+ Kg7 35. Bd4 Kf7 36. Bd5+ Kg6 37. Re6+ Kh7 38. Re7+ Kg6 39. Re6+ Kh7 40. Kg2 Rd8 41. Re7+ 1-0

[Event "Landesliga Nord 1112"]
[Site "Bayern"]
[Date "2011.12.11"]
[Round "4.5"]
[White "Fischer, Emil"]
[Black "Pauli, Alexander"]
[Result "1-0"]
[WhiteElo "2047"]
[BlackElo "2095"]
[PlyCount "47"]
[EventDate "2011.10.02"]
[EventType "team-tourn"]
[EventRounds "9"]
[EventCountry "GER"]
[SourceTitle "EXT 2013"]
[Source "ChessBase"]
[SourceDate "2012.11.22"]
[SourceVersion "1"]
[SourceVersionDate "2012.11.22"]
[SourceQuality "1"]
[WhiteTeam "Schweinfurt"]
[BlackTeam "Zirndorf"]
[WhiteTeamCountry "GER"]
[BlackTeamCountry "GER"]

1. e4 c5 2. Nc3 g6 3. f4 Bg7 4. Nf3 e6 5. f5 exf5 6. exf5 d5 7. Bb5+ Nc6 8. fxg6 hxg6 9. 0-0 Nge7 10. d3 Qd6 11. Bxc6+ Nxc6 12. Nb5 Qd8 13. Bg5 Ne7 14. Qe1 Be6 15. Qg3 0-0 16. Rae1 Nf5 17. Qf4 Qb6 18. Nc7 Rac8 19. Nxe6 fxe6 20. Qg4 Rce8 21. Bf4 Qb4 22. c3 Nh6 23. Qxg6 Qxf4 24. Ng5 1-0

[Event "Landesliga Nord 0910"]
[Site "Bayern"]
[Date "2010.04.11"]
[Round "9.4"]
[White "Fischer, Emil"]
[Black "Sott, Pavel"]
[Result "0-1"]
[WhiteElo "2078"]
[BlackElo "2186"]
[PlyCount "60"]
[EventDate "2009.10.18"]
[EventType "team-tourn"]
[EventRounds "9"]
[EventCountry "GER"]
[SourceTitle "EXT 2011"]
[Source "ChessBase"]
[SourceDate "2010.11.26"]
[SourceVersion "1"]
[SourceVersionDate "2010.11.26"]
[SourceQuality "1"]
[WhiteTeam "Schweinfurt"]
[BlackTeam "Koetzting"]
[WhiteTeamCountry "GER"]
[BlackTeamCountry "GER"]

1. e4 c5 2. Nc3 Nc6 3. f4 d6 4. Bb5 e6 5. Bxc6+ bxc6 6. Nf3 Ne7 7. 0-0 g6 8. Qe1 Bg7 9. d3 0-0 10. Bd2 c4 11. d4 Qb6 12. Rb1 c5 13. dxc5 Qxc5+ 14. Be3 Qb4 15. a3 Qa5 16. Qh4 f6 17. Rfd1 Rb8 18. Qf2 Rb7 19. Rxd6 Rxb2 20. Rxb2 Qxa3 21. Ra2 Qxd6 22. Bc5 Qd8 23. Rxa7 Re8 24. Nd4 Bd7 25. Qe2 Nc6 26. Nxc6 Bxc6 27. Qxc4 Qd2 28. Ra1 f5 29. Bb4 Bxe4 30. Nxe4 Qe3+ 0-1

[Event "Landesliga Nord 0910"]
[Site "Bayern"]
[Date "2009.11.15"]
[Round "2.5"]
[White "Fischer, Emil"]
[Black "Bunk, Karsten"]
[Result "0-1"]
[WhiteElo "2078"]
[BlackElo "2054"]
[PlyCount "98"]
[EventDate "2009.10.18"]
[EventType "team-tourn"]
[EventRounds "9"]
[EventCountry "GER"]
[SourceTitle "EXT 2011"]
[Source "ChessBase"]
[SourceDate "2010.11.26"]
[SourceVersion "1"]
[SourceVersionDate "2010.11.26"]
[SourceQuality "1"]
[WhiteTeam "Schweinfurt"]
[BlackTeam "Nuernberg Sued SW"]
[WhiteTeamCountry "GER"]
[BlackTeamCountry "GER"]

1. e4 d6 2. d4 Nf6 3. Nc3 g6 4. g3 Bg7 5. Bg2 0-0 6. Nge2 e5 7. 0-0 Nc6 8. h3 Re8 9. d5 Nd4 10. Be3 c5 11. dxc6 Nxe2+ 12. Qxe2 bxc6 13. Rad1 Qc7 14. Qd2 Ba6 15. Rfe1 Rad8 16. Qc1 Bc8 17. b3 Qa5 18. Qb2 Be6 19. b4 Qc7 20. a4 Rb8 21. b5 Red8 22. Bg5 h6 23. Bxf6 Bxf6 24. Qc1 Qa5 25. Qa1 cxb5 26. axb5 Qxa1 27. Rxa1 Rdc8 28. Ra3 Bg5 29. Rd1 Bc4 30. Bf1 Rb7 31. h4 Bd8 32. Bd3 Bxd3 33. cxd3 Bb6 34. Nd5 Bd4 35. Ra2 Kg7 36. Rb1 Rc5 37. b6 axb6 38. Kg2 b5 39. f4 h5 40. Kf3 Rc8 41. g4 hxg4+ 42. Kxg4 Rh8 43. f5 gxf5+ 44. exf5 f6 45. h5 Kf7 46. Kh4 Rg8 47. h6 Rh8 48. Kh5 Rbb8 49. Rg2 Rxh6+ 0-1

[Event "Regionalliga NW 0708"]
[Site "Bayern"]
[Date "2007.12.09"]
[Round "4.4"]
[White "Basel, Matthias"]
[Black "Fischer, Emil"]
[Result "0-1"]
[WhiteElo "2035"]
[BlackElo "2072"]
[PlyCount "70"]
[EventDate "2007.10.21"]
[EventType "team-tourn"]
[EventRounds "9"]
[EventCountry "GER"]
[SourceTitle "EXT 2009"]
[Source "ChessBase"]
[SourceDate "2008.11.26"]
[SourceVersion "1"]
[SourceVersionDate "2008.11.26"]
[SourceQuality "1"]
[WhiteTeam "Kitzingen"]
[BlackTeam "Schweinfurt"]
[WhiteTeamCountry "GER"]
[BlackTeamCountry "GER"]

1. d4 f5 2. g3 Nf6 3. Bg2 e6 4. c4 d5 5. Nc3 c6 6. Nf3 Bd6 7. 0-0 0-0 8. Qb3 Nbd7 9. cxd5 cxd5 10. Bf4 Bxf4 11. gxf4 Ne4 12. Rad1 Kh8 13. Ne5 Nxe5 14. fxe5 b6 15. f3 Nxc3 16. Qxc3 Ba6 17. Qd2 Qh4 18. f4 Rg8 19. Rf3 g5 20. Rdf1 gxf4 21. Rxf4 Qg5 22. R1f2 Rac8 23. e3 Bd3 24. R4f3 Rc2 25. Rg3 Rxd2 26. Rxd2 Qh4 27. Rxg8+ Kxg8 28. Rxd3 Qe1+ 29. Bf1 Kg7 30. Kg2 Qc1 31. Rb3 Kg6 32. Be2 Kg5 33. Kf3 h5 34. h4+ Kxh4 35. Rd3 Qe1 0-1

[Event "Regionalliga NW 0405"]
[Site "Bayern"]
[Date "2005.03.13"]
[Round "8.4"]
[White "Lengerer, Peter"]
[Black "Fischer, Emil"]
[Result "0-1"]
[WhiteElo "2012"]
[BlackElo "2143"]
[PlyCount "78"]
[EventDate "2004.10.24"]
[EventType "team-tourn"]
[EventRounds "9"]
[EventCountry "GER"]
[SourceTitle "EXT 2007"]
[Source "ChessBase"]
[SourceDate "2006.11.23"]
[SourceVersion "1"]
[SourceVersionDate "2006.11.23"]
[SourceQuality "1"]
[WhiteTeam "Coburg"]
[BlackTeam "Schweinfurt"]
[WhiteTeamCountry "GER"]
[BlackTeamCountry "GER"]

1. Nf3 d5 2. d4 c6 3. c4 Nf6 4. Nc3 dxc4 5. e3 e6 6. Bxc4 Be7 7. 0-0 0-0 8. Qe2 b6 9. e4 Bb7 10. Rd1 b5 11. Bd3 b4 12. Na4 Qa5 13. Nc5 Bxc5 14. dxc5 g6 15. Qe3 Nbd7 16. e5 Nd5 17. Qh6 Rfe8 18. Ng5 Nf8 19. Ne4 Nd7 20. Nd6 Qc7 21. Nxe8 Rxe8 22. f4 Nxc5 23. Bc2 Qa5 24. Bd2 Qb6 25. Kh1 a5 26. Rf1 Nd7 27. Rf3 Nf8 28. Be1 f5 29. exf6 Nxf6 30. Bf2 Qc7 31. Bd4 Qe7 32. Qg5 Nd5 33. Qxe7 Nxe7 34. Bc5 Nd7 35. Bd6 c5 36. Rf2 Nd5 37. Bb3 Bc6 38. a4 N7b6 39. Re2 c4 0-1

[Event "Regionalliga NW 0405"]
[Site "Bayern"]
[Date "2005.02.13"]
[Round "7.4"]
[White "Fischer, Emil"]
[Black "Plakidine, Alexej"]
[Result "1-0"]
[WhiteElo "2143"]
[BlackElo "1956"]
[PlyCount "91"]
[EventDate "2004.10.24"]
[EventType "team-tourn"]
[EventRounds "9"]
[EventCountry "GER"]
[SourceTitle "EXT 2007"]
[Source "ChessBase"]
[SourceDate "2006.11.23"]
[SourceVersion "1"]
[SourceVersionDate "2006.11.23"]
[SourceQuality "1"]
[WhiteTeam "Schweinfurt"]
[BlackTeam "Hof"]
[WhiteTeamCountry "GER"]
[BlackTeamCountry "GER"]

1. e4 d6 2. d4 Nf6 3. Nc3 g6 4. g3 Bg7 5. Bg2 0-0 6. Nge2 c5 7. 0-0 cxd4 8. Nxd4 Nc6 9. Nb3 Bd7 10. h3 Rc8 11. f4 a6 12. Kh2 b5 13. a3 Na5 14. Nxa5 Qxa5 15. e5 Ne8 16. Nd5 Qd8 17. Qe2 e6 18. Nb4 a5 19. Nd3 d5 20. Be3 Nc7 21. Bb6 a4 22. Qf2 Re8 23. Nb4 Qe7 24. Bc5 Qd8 25. Rad1 Na8 26. g4 Bf8 27. Bxf8 Rxf8 28. f5 Qc7 29. Rfe1 Nb6 30. f6 Nc4 31. Nd3 Qb8 32. c3 Qb6 33. Qf4 Kh8 34. h4 Bc6 35. g5 Rcd8 36. h5 Rd7 37. Bh3 Bb7 38. hxg6 fxg6 39. Qd4 Qc6 40. Bxe6 Qxe6 41. Nc5 Qc6 42. e6 Rdf7 43. Nxb7 Qxb7 44. exf7 Qc7+ 45. Kg2 Nd6 46. Re8 1-0

[Event "Regionalliga NW 0405"]
[Site "Bayern"]
[Date "2005.01.30"]
[Round "6.2"]
[White "Fischer, Emil"]
[Black "Wunder, Stefan"]
[Result "0-1"]
[WhiteElo "2143"]
[BlackElo "2126"]
[PlyCount "116"]
[EventDate "2004.10.24"]
[EventType "team-tourn"]
[EventRounds "9"]
[EventCountry "GER"]
[SourceTitle "EXT 2007"]
[Source "ChessBase"]
[SourceDate "2006.11.23"]
[SourceVersion "1"]
[SourceVersionDate "2006.11.23"]
[SourceQuality "1"]
[WhiteTeam "Schweinfurt"]
[BlackTeam "Nordhalben"]
[WhiteTeamCountry "GER"]
[BlackTeamCountry "GER"]

1. e4 c5 2. Nc3 Nc6 3. g3 g6 4. Bg2 Bg7 5. d3 e6 6. Be3 Nd4 7. Qd2 Rb8 8. Nh3 Ne7 9. 0-0 0-0 10. Nd1 d6 11. c3 Ndc6 12. Bh6 f5 13. Bxg7 Kxg7 14. Ne3 e5 15. f4 Be6 16. Ng5 Bg8 17. Nd5 h6 18. Nh3 Qd7 19. Rae1 Rbe8 20. a3 b5 21. b4 cxb4 22. axb4 a5 23. bxa5 fxe4 24. dxe4 Nxa5 25. Ne3 Nc4 26. Nxc4 Bxc4 27. Rf2 Be6 28. fxe5 Bxh3 29. Rxf8 Rxf8 30. Bxh3 Qxh3 31. exd6 Nc6 32. e5 Qe6 33. Qd3 Rd8 34. Qe4 Rc8 35. h4 h5 36. Kg2 Na5 37. d7 Qxd7 38. e6 Qc6 39. e7 Re8 40. Kf2 Qxe4 41. Rxe4 Nc4 42. g4 hxg4 43. Rxg4 Kf6 44. Rg5 Nd6 45. Rd5 Ke6 46. Rd3 Rxe7 47. Kf3 Rf7+ 48. Kg4 Ne4 49. Rd4 Ke5 50. Rd8 Rf4+ 51. Kh3 Rf3+ 52. Kg2 Rxc3 53. Rb8 Nd6 54. h5 Rc8 55. Rb6 gxh5 56. Ra6 Rb8 57. Kf3 b4 58. Ra1 b3 0-1

[Event "Regionalliga NW 0304"]
[Site "Bayern"]
[Date "2004.03.07"]
[Round "7.3"]
[White "Fischer, Emil"]
[Black "Kraich, Klaus"]
[Result "1-0"]
[WhiteElo "2131"]
[BlackElo "2029"]
[PlyCount "75"]
[EventDate "2003.10.12"]
[EventType "team-tourn"]
[EventRounds "9"]
[EventCountry "GER"]
[SourceTitle "EXT 2006"]
[Source "ChessBase"]
[SourceDate "2005.11.24"]
[SourceVersion "1"]
[SourceVersionDate "2005.11.24"]
[SourceQuality "1"]
[WhiteTeam "Schweinfurt"]
[BlackTeam "Klingenberg"]
[WhiteTeamCountry "GER"]
[BlackTeamCountry "GER"]

1. e4 c5 2. Nc3 e6 3. g3 Ne7 4. Bg2 Nbc6 5. Nh3 g6 6. 0-0 Bg7 7. d3 0-0 8. Be3 d6 9. Qd2 Nd4 10. Nd1 e5 11. f4 f5 12. c3 Ne6 13. Ndf2 Qc7 14. Rae1 Bd7 15. Qd1 Rad8 16. Qb3 Kh8 17. Qa3 b6 18. b4 Bc6 19. bxc5 dxc5 20. fxe5 Bxe5 21. Bh6 Bg7 22. Bxg7+ Nxg7 23. Qb2 Qd7 24. Ng5 h6 25. Nf3 Qc7 26. d4 Kh7 27. d5 fxe4 28. Ng5+ hxg5 29. dxc6 e3 30. Rxe3 Nxc6 31. Ree1 Rde8 32. Ne4 Rxf1+ 33. Rxf1 Kh6 34. Qd2 Qd8 35. Qc1 Ne5 36. h4 Ne6 37. hxg5+ Nxg5 38. Qf4 1-0

[Event "Regionalliga NW 0203"]
[Site "Bayern"]
[Date "2003.03.09"]
[Round "8.2"]
[White "Schindler, Viktor"]
[Black "Fischer, Emil"]
[Result "1/2-1/2"]
[WhiteElo "2104"]
[BlackElo "2164"]
[PlyCount "90"]
[EventDate "2002.10.20"]
[EventType "team-tourn"]
[EventRounds "9"]
[EventCountry "GER"]
[SourceTitle "EXT 2004"]
[Source "ChessBase"]
[SourceDate "2003.11.25"]
[SourceVersion "1"]
[SourceVersionDate "2003.11.25"]
[SourceQuality "1"]
[WhiteTeam "Hof"]
[BlackTeam "Schweinfurt"]
[WhiteTeamCountry "GER"]
[BlackTeamCountry "GER"]

1. e4 g6 2. d4 d6 3. c3 Bg7 4. f4 Nf6 5. Bd3 e5 6. Nf3 0-0 7. 0-0 exf4 8. Bxf4 c5 9. Nbd2 cxd4 10. cxd4 Nh5 11. Be3 Nc6 12. Qe1 Nb4 13. Bb1 d5 14. e5 f6 15. Qh4 fxe5 16. Qxd8 Rxd8 17. Nxe5 Bxe5 18. dxe5 Nc6 19. a3 Nxe5 20. Ba2 Bf5 21. Bg5 Rd7 22. h3 Ng7 23. g4 Bd3 24. Rfe1 Nf7 25. Bh4 Re8 26. Rxe8+ Nxe8 27. Rc1 b6 28. Rc8 Kf8 29. Nf3 Ba6 30. Rb8 h6 31. Nd4 g5 32. Be1 Nd8 33. Rxd8 Rxd8 34. Ne6+ Ke7 35. Nxd8 Kxd8 36. Bxd5 Nc7 37. Bf3 Ne6 38. Bd2 Kc7 39. Kf2 Bc4 40. Be4 a5 41. Be3 b5 42. Bf5 Kd6 43. h4 a4 44. Kg3 Ke5 45. Bd2 Nd4 1/2-1/2

[Event "Regionalliga NW 0203"]
[Site "Bayern"]
[Date "2002.11.17"]
[Round "2.3"]
[White "Fischer, Emil"]
[Black "Opitz, Alexander"]
[Result "1/2-1/2"]
[WhiteElo "2164"]
[BlackElo "1912"]
[PlyCount "44"]
[EventDate "2002.10.20"]
[EventType "team-tourn"]
[EventRounds "9"]
[EventCountry "GER"]
[SourceTitle "EXT 2004"]
[Source "ChessBase"]
[SourceDate "2003.11.25"]
[SourceVersion "1"]
[SourceVersionDate "2003.11.25"]
[SourceQuality "1"]
[WhiteTeam "Schweinfurt"]
[BlackTeam "Bayreuth"]
[WhiteTeamCountry "GER"]
[BlackTeamCountry "GER"]

1. e4 c5 2. Nc3 d6 3. f4 g6 4. Nf3 Nc6 5. Bc4 Bg7 6. 0-0 e6 7. d3 Nge7 8. Qe1 h6 9. Qf2 0-0 10. Kh1 Na5 11. Bd2 b6 12. Rae1 Bb7 13. Qh4 Nec6 14. Qh3 Nxc4 15. dxc4 Nd4 16. f5 Nxf3 17. Rxf3 exf5 18. Bxh6 fxe4 19. Nxe4 Bc8 20. g4 Bb7 21. Kg1 Bxe4 22. Rxe4 Qd7 1/2-1/2

[Event "Regionalliga NW 0001"]
[Site "Bayern"]
[Date "2001.01.28"]
[Round "5.1"]
[White "Solomunovic, Igor"]
[Black "Fischer, Emil"]
[Result "1-0"]
[WhiteElo "2375"]
[BlackElo "2190"]
[PlyCount "79"]
[EventDate "2000.10.15"]
[EventType "team-tourn"]
[EventRounds "9"]
[EventCountry "GER"]
[SourceTitle "EXT 2020"]
[Source "ChessBase"]
[SourceDate "2019.10.17"]
[SourceVersion "1"]
[SourceVersionDate "2019.10.17"]
[SourceQuality "1"]
[WhiteTeam "Burgsinn"]
[BlackTeam "Schweinfurt Fr"]
[WhiteTeamCountry "GER"]
[BlackTeamCountry "GER"]

1. e4 Nf6 2. e5 Nd5 3. d4 d6 4. Nf3 Bg4 5. Be2 e6 6. 0-0 Be7 7. c4 Nb6 8. Nc3 0-0 9. exd6 cxd6 10. Be3 d5 11. c5 Bxf3 12. Bxf3 Nc4 13. Bc1 b6 14. b3 Na5 15. Be3 bxc5 16. dxc5 Nbc6 17. Na4 Rb8 18. Rc1 Qd7 19. Rb1 Qb7 20. Bd2 Qc7 21. Bc3 Rfd8 22. Re1 d4 23. Bd2 Bf6 24. Be4 Nb4 25. Bxb4 Rxb4 26. a3 Rbb8 27. b4 Nc6 28. Nb2 a5 29. Nd3 axb4 30. axb4 Ne5 31. Qc2 Nxd3 32. Bxd3 g6 33. g3 Bg7 34. b5 Bf8 35. c6 Rd5 36. b6 Qc8 37. c7 Rb7 38. Ba6 Rc5 39. Qe4 Rd5 40. Qxd5 1-0

[Event "Regionalliga NW 9900"]
[Site "Bayern"]
[Date "2000.??.??"]
[Round "5.2"]
[White "Fischer, Emil"]
[Black "Fischer, Sebastian"]
[Result "1/2-1/2"]
[WhiteElo "2185"]
[BlackElo "2001"]
[PlyCount "86"]
[EventDate "1999.??.??"]
[EventType "team-tourn"]
[EventRounds "9"]
[EventCountry "GER"]
[SourceTitle "EXT 2020"]
[Source "ChessBase"]
[SourceDate "2019.10.17"]
[SourceVersion "1"]
[SourceVersionDate "2019.10.17"]
[SourceQuality "1"]
[WhiteTeam "Schweinfurt Fr"]
[BlackTeam "Klingenberg"]
[WhiteTeamCountry "GER"]
[BlackTeamCountry "GER"]

1. e4 e6 2. d4 d5 3. Nc3 Bb4 4. e5 b6 5. Qg4 Bf8 6. Nf3 Qd7 7. a4 Nc6 8. Bd3 Nb4 9. 0-0 Nxd3 10. cxd3 Ba6 11. Rd1 Ne7 12. b4 c6 13. h4 h5 14. Qh3 Nf5 15. Rb1 Be7 16. Ne2 0-0-0 17. Bf4 Rdg8 18. Rb3 Nxh4 19. Ng5 Bxg5 20. Bxg5 Nf5 21. Ra1 Kb7 22. Rab1 Ka8 23. g3 Rf8 24. b5 Bb7 25. Qf1 f6 26. exf6 gxf6 27. Bf4 h4 28. g4 Qg7 29. f3 e5 30. bxc6 Bxc6 31. Rc3 exf4 32. Rxc6 Ng3 33. Qf2 Qg5 34. a5 bxa5 35. Nc3 Rb8 36. Nb5 Rxb5 37. Rxb5 h3 38. Kh2 Re8 39. Rc2 Qg6 40. Rd2 f5 41. gxf5 Nf1+ 42. Kh1 Ng3+ 43. Kh2 Nf1+ 1/2-1/2

[Event "Regionalliga NW 9900"]
[Site "Bayern"]
[Date "2000.??.??"]
[Round "9.2"]
[White "Fischer, Emil"]
[Black "Kannenberg, Karl Heinz"]
[Result "1-0"]
[WhiteElo "2185"]
[BlackElo "2155"]
[PlyCount "41"]
[EventDate "1999.??.??"]
[EventType "team-tourn"]
[EventRounds "9"]
[EventCountry "GER"]
[SourceTitle "EXT 2020"]
[Source "ChessBase"]
[SourceDate "2019.10.17"]
[SourceVersion "1"]
[SourceVersionDate "2019.10.17"]
[SourceQuality "1"]
[WhiteTeam "Schweinfurt Fr"]
[BlackTeam "Kitzingen SC"]
[WhiteTeamCountry "GER"]
[BlackTeamCountry "GER"]

1. e4 c5 2. Nc3 Nc6 3. g3 d6 4. Bg2 Nf6 5. d3 g6 6. f4 Bg7 7. Nf3 Nd4 8. h3 Nh5 9. Nxd4 cxd4 10. Ne2 e5 11. 0-0 0-0 12. f5 gxf5 13. exf5 Nf6 14. g4 Ne8 15. Ng3 Qc7 16. g5 Bh8 17. Qh5 Bd7 18. f6 Bc6 19. Nf5 Bxf6 20. gxf6 Bxg2 21. Bh6 1-0